000
00259nam a22000857a 4500
999
_c
11162
_d
11162
008
180927b ||||| |||| 00| 0 eng d
100
_a
Gariyali, C K
_9
6924
245
_a
Women`s Own
_b
the self help movement of tamilnadu
260
_a
New Delhi
_b
Vetri Publishers
_c
2004